000 00364nam a22001217a 4500
999 _c10328
_d10328
003 OSt
008 201203b ||||| |||| 00| 0 eng d
245 _aThe Indian Textile Journal
250 _a2014(Sep Vol.124 No.12, Oct Vol.125 No.1, Nov Vol.125 No.2, Dec Vol.125 No.3)
260 _aChennai
_bIPF Publications
650 _aTextile Engineering
942 _2ddc
_cBV